00563pab a2200181 454500008004000000100001900040245008300059260000900142300001300151362001100164650002700175650002200202773001500224908000600239909001100245999001900256952010600275180718b2013 xxu||||| |||| 00| 0 eng d aMarla, Soma S. aJawaharlal Nehru - builder of modern science and promoter of scientific temper c2013 ap.11-12. a16 Nov aScience and technology aNehru, Jawaharlal aMainstream aN a101446 c101444d101444 00104070aIIPAbIIPAd2018-07-19hVolume no: 51, Issue no: 48pAR101906r2018-07-19w2018-07-19yAR